Central Library OPAC University of Rajshahi

An economic geography of India / (Record no. 43091)

MARC details
000 -LEADER
fixed length control field 00868nam a2200265 a 4500
001 - CONTROL NUMBER
control field 43091
003 - CONTROL NUMBER IDENTIFIER
rucl marc code BD-RjUL
005 - DATE AND TIME OF LATEST TRANSACTION
control field 20211209053639.0
008 - FIXED-LENGTH DATA ELEMENTS--GENERAL INFORMATION
fixed length control field 160619s1971 ii ba bs 001 0 eng
035 ## - SYSTEM CONTROL NUMBER
System control number (BD-RjUL)43209
040 ## - CATALOGING SOURCE
Original cataloging agency DLC
Transcribing agency DLC
Modifying agency BD-RjUL
Language of cataloging eng
041 ## - LANGUAGE CODE
Language code of text/sound track or separate title eng
082 ## - DEWEY DECIMAL CLASSIFICATION NUMBER
Edition number 23
Classification number 330.954
Author mark and year CHE 1971
100 1# - MAIN ENTRY--PERSONAL NAME
Personal name Chaudhuri, Manoranjan
9 (RLIN) 132320
245 13 - TITLE STATEMENT
Title An economic geography of India /
Statement of responsibility, etc. [by] M. R. Chaudhuri
250 ## - EDITION STATEMENT
Edition statement 2d ed.
260 ## - PUBLICATION, DISTRIBUTION, ETC. (IMPRINT)
Place of publication, distribution, etc. Calcutta :
Name of publisher, distributor, etc. Oxford & IBH Pub. Co.,
Date of publication, distribution, etc. c1971
300 ## - PHYSICAL DESCRIPTION
Pagination vii, 222 p. :
Illustrations ill. ;
Size 24 cm.
500 ## - GENERAL NOTE
General note "A study sponsored by Indian economic-geographic studies."
504 ## - BIBLIOGRAPHY, ETC. NOTE
Bibliography, etc Bibliography: p. [217]-218.and index
651 #0 - SUBJECT ADDED ENTRY--GEOGRAPHIC NAME
Geographic name India
General subdivision Economic conditions
Chronological subdivision 1947-
9 (RLIN) 124417
710 2# - ADDED ENTRY--CORPORATE NAME
Corporate name or jurisdiction name as entry element Indian Economic Geographic Studies (Organization)
9 (RLIN) 132321
942 ## - ADDED ENTRY ELEMENTS (KOHA)
Source of classification or shelving scheme Dewey Decimal Classification
Koha item type Books
Holdings
Lost status Source of classification or shelving scheme Damaged status Not for loan Collection code Permanent Location Current Location Shelving location Date acquired Source of acquisition Total Checkouts Full call number Date last seen Copy number Koha item type
  Dewey Decimal Classification     Non-fiction Central Library, University of Rajshahi Central Library, University of Rajshahi   11/07/1974 India Govt.   330.954 CHE 1971 19/06/2016 C-2 Books